| 000 | 01588cam a2200301 i 4500 | ||
|---|---|---|---|
| 001 | 18112511 | ||
| 003 | PILC | ||
| 005 | 20160602140305.0 | ||
| 008 | 140411s2014 mdua b 001 0 eng | ||
| 010 | _a 2014014437 | ||
| 020 | _a9780810883871 (hardback : alk. paper) | ||
| 020 | _a9780810883888 (ebook) | ||
| 040 |
_aDLC _beng _cDLC _erda _dDLC |
||
| 042 | _apcc | ||
| 050 | 0 | 0 |
_aRJ 506.D4 _b.Sc39 2014 |
| 082 | 0 | 0 | _a616.85/2700835 |
| 100 | 1 |
_aSchwartz, Tina P., _d1969- |
|
| 245 | 1 | 0 |
_aDepression : _bthe ultimate teen guide / _cTina P. Schwartz. |
| 260 |
_aMaryland : _bRowman & Littlefield, _c2014. |
||
| 300 |
_axiv, 180 pages : _billustrations ; _c27 cm. |
||
| 490 | 0 | _aIt happened to me | |
| 500 | _aIncludes bibliographical references and index. | ||
| 505 | 0 | _aWarning signs and symptoms -- External (or situational) triggers of your depression -- Internal (or biochemical) triggers of your depression -- Other mood disorders (depression-related illnesses) -- Unhealthy coping mechanisms -- Relationships and how to preserve them with depression -- Siblings of those with depression -- When a parent has depression -- How various subgroups deal with depression -- Caregivers: how they can seek help for themselves -- Healthy coping mechanisms -- Success stories: young adults who battle depression successfully. | |
| 650 | 0 |
_aDepression in adolescence _vPopular works. |
|
| 906 |
_a7 _bcbc _corignew _d1 _eecip _f20 _gy-gencatlg |
||
| 942 |
_2lcc _cBK |
||
| 999 |
_c295574 _d295574 |
||